Country Quiz: Slovenia 🇸🇮 - Statistics

General Stats
  • This quiz has been taken 40 times
  • The average score is 23 of 33
Answer Stats
Hint Answer % Correct
Time zones 1
100%
Croatia
96%
Capital Ljubljana
96%
Language Slovene
96%
Nationality Slovenian
96%
Independence 1991
92%
Bordering Countries Austria
92%
During WWII (1939-1945), Slovenia was occupied by these two countries Italy
92%
Italy
92%
During the 6th century, this ethnicity of people migrated to Slovenia Slavs
92%
Bordering Seas Adriatic Sea
88%
Currency Euro
88%
Hungary
88%
Nazi Germany
88%
Between 1918-1990s, Slovenia was part of this country Yugoslavia
88%
Between the 1-5th century, Slovenia's area was part of this empire Roman empire
85%
Main Religion Christianity
81%
Mediterranean Sea
81%
The 45th First Lady of the United States (2017-2021) Melania Trump
81%
Slovenia has had the misfortune of being the only country in Europe (so far) to have been ruled by these three infamous ideologies respectively Communism
73%
Second-Largest City Maribor
65%
Measurement System Metric
65%
National Sport Football
62%
Part of this European fiscal and geopolitical alliance European Union
58%
State-Condition Republic
54%
Fascism
46%
Nazism
46%
World-Renowned Alps Situated in Slovenia Julian Alps
42%
Climate Temperate
31%
Main Economic Sector Tertiary / Service
31%
National Animal Balkan Lipizzaner Horse
8%
Main Export Pharmaceuticals
8%
Founding Father France Bučar
4%
No matching quizzes found
Score Distribution
Percent of People with Each Score
Percentile by Number Answered
Your Score History
You have not taken this quiz